|
|
|
|
| LEADER |
00000nam a2200000 i 4500 |
| 001 |
DIGTECANT0022 |
| 003 |
NyNyDIG |
| 007 |
cr ||||||||||| |
| 008 |
250505s2019 ck ad ob 000 0 spa d |
| 006 |
m o d |
| 035 |
|
|
|a (OCoLC)1519505253
|
| 040 |
|
|
|a DGITA
|b eng
|e rda
|e pn
|c DGITA
|
| 020 |
|
|
|z 9789585239715
|
| 043 |
|
|
|a s-ck---
|
| 050 |
1 |
4 |
|a HJ945.2 ebook
|
| 245 |
0 |
4 |
|a Las buenas prácticas de legalidad :
|b instituciones responsables /
|c investigadores, Yuliana Gómez Zapata [and 3 others].
|
| 264 |
|
1 |
|a Medellín, Colombia :
|b Sello Editorial Tecnológico de Antioquia :
|b Gobernación de Antioquia,
|c 2019.
|
| 300 |
|
|
|a 1 online resource :
|b illustrations, charts.
|
| 336 |
|
|
|a text
|b txt
|2 rdacontent
|
| 337 |
|
|
|a computer
|b c
|2 rdamedia
|
| 338 |
|
|
|a online resource
|b cr
|2 rdacarrier
|
| 347 |
|
|
|a text file
|2 rdaft
|
| 347 |
|
|
|b PDF
|
| 490 |
1 |
|
|a Serie Investigación
|
| 500 |
|
|
|a "Proceso de investigación en el marco de la Estrategia Integral para el control de las rentas ilícitas para el fortalecimiento de las rentas oficiales como fuente de inversión social en el departamento de Antioquia"--t.p.
|
| 504 |
|
|
|a Includes bibliographical references.
|
| 588 |
0 |
|
|a Online resource; title from PDF title page (Digitalia, viewed May 5, 2025)
|
| 650 |
|
0 |
|a Finance, Public
|z Colombia
|z Antioquia (Department)
|
| 700 |
1 |
|
|a Gómez Zapata, Yuliana,
|e author.
|
| 791 |
2 |
|
|a Digitalia (Firm),
|e distributor.
|
| 793 |
0 |
|
|g Digitalia eBook Collection:
|a Tecnológico de Antioquia
|
| 776 |
0 |
8 |
|i Print version:
|t Buenas prácticas de legalidad.
|b Primera edición.
|d Medellín, Colombia: Sello Editorial Tecnológico de Antioquia : Gobernación de Antioquia, [2019]
|z 9789585239715
|
| 830 |
|
0 |
|a Serie Investigación (Tecnológico de Antioquia)
|
| 856 |
4 |
0 |
|3 Digitalia Hispánica
|u https://www.digitaliapublishing.com/a/170568/
|
| 910 |
|
|
|a Premium collection: 2025
|